Chọn tạo giống lúa với sự tham gia của thanh niên Đồng bằng sông Cử Long giai đoạn 2000-2004 : Báo cáo nghiên cứu khoa học

Tallennettuna:
Bibliografiset tiedot
Aineistotyyppi: Kirja
Kieli:Undetermined
Julkaistu: Cần Thơ Viện NC & PTHT Canh tác - Trường ĐH Cần Thơ 2005
Aiheet:
Tagit: Lisää tagi
Ei tageja, Lisää ensimmäinen tagi!
Thư viện lưu trữ: Trung tâm Học liệu Trường Đại học Cần Thơ
LEADER 00715nam a2200193Ia 4500
001 CTU_122716
008 210402s9999 xx 000 0 und d
082 |a 633.18 
082 |b Ch429 
245 0 |a Chọn tạo giống lúa với sự tham gia của thanh niên Đồng bằng sông Cử Long giai đoạn 2000-2004 : 
245 0 |b Báo cáo nghiên cứu khoa học 
245 0 |c Viện NC & PTHT Canh tác - Trường ĐH Cần Thơ 
260 |a Cần Thơ 
260 |b Viện NC & PTHT Canh tác - Trường ĐH Cần Thơ 
260 |c 2005 
650 |a Rice 
650 |x Research 
904 |i M.Loan 
980 |a Trung tâm Học liệu Trường Đại học Cần Thơ